000 00174nam a2200073Ia 4500
008 170817s9999 xx 000 0 und d
100 _aMachway.Prabhaker
245 0 _aGandhiJi-Ke Ashram
260 _bN.C.E.R.T
999 _c38118
_d38118